MARC details
| 000 -LÍDER |
| campo de controle de tamanho fixo |
01485naa a22003857a 4500 |
| 001 - NÚMERO DE CONTROLE |
| campo de controle |
BR8001823 |
| 003 - IDENTIFICADOR DO NÚMERO DE CONTROLE |
| campo de controle |
BR-BrBNA |
| 005 - DATA E HORÁRIO DA ÚLTIMA TRANSAÇÃO |
| campo de controle |
20240918174540.0 |
| 007 - CAMPO FIXO DE DESCRIÇÃO FÍSICA--INFORMAÇÃO GERAL |
| campo de controle de tamanho fixo |
ta |
| 008 - CAMPO DE DADOS FIXOS--INFORMAÇÃO GERAL |
| campo de controle de tamanho fixo |
230509b bl.||||| |||| 00| 0 por d |
| 040 ## - FONTE DA CATALOGAÇÃO |
| Instituição da catalogação original |
BR-BrBNA |
| Idioma da catalogação |
por |
| Instituição que transcreveu o registro |
Biblioteca Nacional de Agricultura |
| 041 ## - CÓDIGO DE IDIOMA |
| Código do idioma do texto/trilha sonora ou título diferente |
(Pt) |
| 072 ## - CÓDIGO DE CATEGORIA DE ASSUNTO |
| Código de Categoria de Assunto |
L00; L30 |
| Código do objeto |
9610 |
| -- |
GG60 |
| 090 ## - NÚMERO DE CHAMADA LOCAL |
| Número de chamada |
L00 BR8001823 |
| 100 1# - ENTRADA PRINCIPAL--NOME PESSOAL |
| Nome pessoal |
Costa, M.S. |
| 100 1# - ENTRADA PRINCIPAL--NOME PESSOAL |
| Nome pessoal |
Hunton, P. |
| 111 1# - ENTRADA PRINCIPAL--NOME DO EVENTO |
| Nome do evento ou lugar |
6. Congresso Latinoamericano de Avicultura |
| Local do evento |
Lima (Peru) |
| Data do evento ou assinatura do tratado |
10 Oct 1979 |
| 245 1# - TÍTULO |
| Título |
Alimentacao e manejo para melhorar o rendimento das poedeiras em regioes tropicais. Pt. 2: Metodos para diminuir os efeitos prejudiciais das condicoes ambientais tropicais [Ovo] |
| 246 1# - FORMA VARIANTE DO TÍTULO |
| Título/título abreviado |
[Feeding treatment to improve the yield of laying hens in tropical regions. Pt. 2: Methods to diminish the bad effects of tropical enviromental coditions [Egg]] |
| 246 1# - FORMA VARIANTE DO TÍTULO |
| Título/título abreviado |
[Poultry breeding in tropical regions] |
| 260 3# - PUBLICAÇÃO, DISTRIBUIÇÃO, ETC. |
| Local de publicação, distribuição, etc. |
Campinas, SP (Brasil): |
| Data da publicação, distribuição, etc. |
1980. |
| 500 ## - NOTA GERAL |
| Nota geral |
Avicultura nas regioes tropicais<br/>Campinas, SP (Brasil): 1980. p. 19-35<br/>(BR8001823-AM)L00<br/> |
| 650 ## - ASSUNTO--TERMO TÓPICO |
| Cabeçalho tópico ou nome geográfico |
Producao animal |
| 650 ## - ASSUNTO--TERMO TÓPICO |
| Cabeçalho tópico ou nome geográfico |
Nutricao animal |
| 650 ## - ASSUNTO--TERMO TÓPICO |
| Cabeçalho tópico ou nome geográfico |
Ovo |
| 650 ## - ASSUNTO--TERMO TÓPICO |
| Cabeçalho tópico ou nome geográfico |
Melhoramento animal |
| 650 ## - ASSUNTO--TERMO TÓPICO |
| Cabeçalho tópico ou nome geográfico |
Granja |
| 650 ## - ASSUNTO--TERMO TÓPICO |
| Cabeçalho tópico ou nome geográfico |
Galpao |
| 650 ## - ASSUNTO--TERMO TÓPICO |
| Cabeçalho tópico ou nome geográfico |
Energia |
| 650 ## - ASSUNTO--TERMO TÓPICO |
| Cabeçalho tópico ou nome geográfico |
Aeracao |
| 650 ## - ASSUNTO--TERMO TÓPICO |
| Cabeçalho tópico ou nome geográfico |
Zona tropical |
| 773 0# - ENTRADA ANALÍTICA |
| Título |
Avicultura nas regioes tropicais |
| Número de controle do registro |
L00 BR8001823 |
| Partes relacionadas |
Campinas, SP (Brasil), 1980. p. 19-35 |
| 909 ## - |
| -- |
202404 |
| -- |
Lucia |
| -- |
55 |
| -- |
Lucia Elande |
| 942 ## - ELEMENTOS DE ENTRADA ADICIONADOS (KOHA) |
| Tipo de material Koha |
Capítulo-Livro |
| Fonte da classificação ou esquema de arquivamento na estante |
Classificação AGRIS |